| 000 | 00370pab a2200133 454500 | ||
|---|---|---|---|
| 008 | 180718b2015 xxu||||| |||| 00| 0 eng d | ||
| 100 | _aPrato, Stefano | ||
| 245 | _aResisting rural appropriation: embracing agroecology to transform globalization | ||
| 260 | _c2015 | ||
| 300 | _ap.156-158. | ||
| 650 | _aRural development | ||
| 773 | _aDevelopment | ||
| 909 | _a114673 | ||
| 999 |
_c114667 _d114667 |
||